000 00767nam a2200217Ia 4500
003 GCL
008 140319s9999 xx 000 0 ara d
020 _a7213287977
040 _aGCL /
_cGCL
082 0 4 _a677.4
_bم ت
100 1 _aمحمد اسماعيل عمر
245 1 0 _aتكنولوجيا الاليف الصناعية /
_cمحمد اسماعيل عمر
260 _aالقاهرة :
_bدار الكتب العلمية للنشر والتوزيع ،
_c2001
300 _a400 ص ؛
_c24 سم
650 0 4 _aالالياف الصناعية
650 0 4 _aالبلمرات
650 0 4 _aالمنسوجات - صناعة وتجارة
650 0 4 _aالالياف - البروتينية
650 0 4 _aالمنسوجات - الصباغة
942 _2ddc
_cBK
999 _c5390
_d5390